Statistics for Countries Barham Salih has Visited

Click here to take the quiz!

General Stats

  • This quiz has been taken 20 times
    (9 since last reset)
  • The average score is 6 of 9

Answer Stats

ContinentCountry% Correct
Asia/ EuropeTurkey
100%
AsiaIran
83%
EuropeItaly
67%
AsiaJordan
67%
AsiaKuwait
67%
AsiaUnited Arab Emirates
67%
AsiaQatar
50%
AsiaSaudi Arabia
33%
EuropeVatican City
33%

Score Distribution

Percentile by Number Answered

Percent of People with Each Score

Your Score History

You have not taken this quiz since the last reset